01009nam a2200265 a 450000100100000000500170001000800410002702000150006804000250008304100380010808200180014610000240016424000490018824500960023726000570033330000210039049000380041153400590044950400400050850000370054865000470058565000450063270000270067783000390070400002601620200930024230.0110217s1988 ag r 000 | spa d a9506940266 aDO-SdBNPbspacBNPHU aspaheng2Código de idioma MARC a327.73bW241t1 aWaltz, Kenneth N. , 0aTheory of International Politics.lEspañol10aTeoría de la política internacional /cKenneth N. Waltz ; traducción Mirta Rosenberg. aBuenos Aires :bGrupo Editor Latinoamericano,c1988. a336 p. ;c25 cm.1 aEstudios Internacionalesv212.129 aTítulo original :tTheory of International Politics. aIncluye bibliografía : p. 323-336 aIncluye nota al pie de páginas 4aRelaciones internacionaleszEstados Unidos 4aPolítica internacionalxEstados unidos1 aRosenberg, Mirta,etr. 0aEstudios Internacionales,v212.129